000 00399cam a22001337a 4500
008 180718b1996 xxu||||| |||| 00| 0 eng d
020 _a8174881786
082 _aC41x54 J599h
100 _aJohari, J.C.
245 _aHuman rights and new world order: towards perfection of the democratic way of life
_cby J.C. Johari
260 _aNew Delhi
_bAnmol
_c1996
300 _a306p.
650 _aHuman rights
999 _c378989
_d378989